Obytná zóna pre študentov a pedagógov, Grands Ateliers, Fancúzsko

Saved in:
Bibliographic Details
Main Author: Fábiková, Réka (Author)
Other Authors: Ruhig, Roman (Thesis advisor)
Format: Manuscript Book
Language:Slovak
Published: 2025
Subjects:
Online Access:http://is.stuba.sk/zp/portal_zp.pl?podrobnosti=185399
CRZP
Tags: Add Tag
No Tags, Be the first to tag this record!

MARC

LEADER 00000ntm a22000003a 4500
001 stuzp105454
003 SK-STU
005 20250722145137.9
007 ta
008 150427s2015----xo-----f-mn---000-0-slo-d
040 |a STU  |b slo 
041 0 |a slo 
100 1 |a Fábiková, Réka  |u 010310  |4 aut  |U SvF Stavebná fakulta  |T SvF Katedra architektúry  |X 103871  |U V181|V310  |Y 19  |7 103871 
242 0 1 |a Residential zone for students and teachers, Grand Ateliers, France  |y eng 
245 1 0 |a Obytná zóna pre študentov a pedagógov, Grands Ateliers, Fancúzsko 
260 |c 2025 
650 4 |a prefabrication  |2 eng 
650 4 |a sustainability  |2 eng 
650 4 |a CLT panels  |2 eng 
650 4 |a udržateľnosť  |2 slo 
650 4 |a CLT panely  |2 slo 
650 4 |a prefabrikácia  |2 slo 
700 1 |a Ruhig, Roman  |u 010310  |k Z1  |4 ths  |U SvF Stavebná fakulta  |T SvF Katedra architektúry  |X 7452  |U V181|V310  |Y 19  |7 A000007452 
856 4 |u http://is.stuba.sk/zp/portal_zp.pl?podrobnosti=185399 
856 4 |u https://opac.crzp.sk/?fn=detailBiblioForm&sid=226A7A544DA3649F6D573AE9F6D0  |z CRZP